Taylor Swift - Devine les chansons par leurs 1ère phrases #12 - Statistiques

Statistiques générales
  • Ce quiz a été pris 164 fois
  • Le résultat moyen est 8 sur 15
Statistiques - réponses
Hint Réponse % Correct
I promise that you'll never find another like *** ME!
98%
Meet me at midnight Lavender Haze
93%
This ain't for the best Delicate
78%
Rain, he wanted it comfortable Midnight Rain
74%
Now, pretty baby, I'm running back home to you Fresh Out the Slammer
67%
You. With your words like knives and swords and weapons Mean
60%
Flashing lights and we Wonderland
49%
Once upon a time, I believe it was a Tuesday when I caught your eye Forever & Always
45%
They tell you while you're young Nothing New
40%
Fatefully. I tried to pick my battles 'til the battle picked me Long Story Short
39%
I had died the tiniest death I Look in People's Windows
36%
You should've been there The Moment I Knew
30%
***'s a mystery cat, he's called the Hiddenpaw Macavity
22%
Our coming-of-age has come and gone peace
16%
I didn't know what I would find The Outside
8%
Aucun quiz correspondant
Distribution des résultats
% des personnes avec chaque résultat
Percentile par nombre de réponses
Votre historique - résultats
Vous n’avez pas pris ce quiz